| 000 | 00529nam a2200229Ia 4500 | ||
|---|---|---|---|
| 003 | OSt | ||
| 005 | 20220924141906.0 | ||
| 006 | a|||||r|||| 00| 0 | ||
| 007 | ta | ||
| 008 | 220923b |||||||| |||| 00| 0 ben d | ||
| 024 | _a299687 | ||
| 037 | _cTextual | ||
| 040 |
_aARTS _cARTS _bben |
||
| 041 |
_2ben _aben |
||
| 082 | _aT45.2, 157M8 | ||
| 100 | _aDatta | ||
| 245 | 0 | _aShiksha bhabna | |
| 260 | _c1988 | ||
| 650 | _aEDUCATION | ||
| 942 |
_hT45.2, 157M8 _cTEXL _2CC |
||
| 999 |
_c448608 _d448608 |
||